00263nam a22000857a 4500008004100000082002400041245006600065260003700131300000900168230626b xxu||||| |||| 00| 0 eng d 23a328.35bHOA 1964 aManual of Procedure in the Business of the House of Assembly  aNassaubHouse of Assembly c1964 a178p